Complex general relativity
Αποθηκεύτηκε σε:
| Κύριος συγγραφέας: | |
|---|---|
| Μορφή: | Βιβλίο |
| Γλώσσα: | English |
| Δημοσίευση: |
Dordrecht ; Boston :
Kluwer Academic publishers,
c1995
|
| Σειρά: | Fundamental theories of physics ;
; 69 |
| Θέματα: | |
| Ετικέτες: |
Προσθήκη ετικέτας
Δεν υπάρχουν, Καταχωρήστε ετικέτα πρώτοι!
|
MARC
| LEADER | 00000nam a2200000 i 4500 | ||
|---|---|---|---|
| 001 | 1/74238 | ||
| 008 | 990603s1995 eng d | ||
| 020 | |a 0-7923-3340-3 | ||
| 035 | |l 10049013 | ||
| 040 | |a GR-MY-UA |b gre |e aacr | ||
| 041 | 0 | |a eng | |
| 082 | 0 | |a 530.11 | |
| 100 | 1 | |a Esposito, Giampiero. | |
| 245 | 1 | 0 | |a Complex general relativity / |c by Giampiero Esposito |
| 260 | |a Dordrecht ; Boston : |b Kluwer Academic publishers, |c c1995 | ||
| 300 | |a xii, 201 p.; |c 25 cm. | ||
| 490 | 1 | |a Fundamental theories of physics |v ; 69 | |
| 500 | |a Includes bibliographical references and index | ||
| 650 | 0 | 0 | |a General relativity (Physics) |
| 650 | 0 | 0 | |a Quantum gravity. |
| 650 | 0 | 0 | |a Supersymmetry. |
| 830 | 0 | |a Fundamental theories of physics ; |v ; 69 | |
| 852 | |a INST |b SAMOS |e 19990603 |h 530.11 ESP |p 005300012746 |q 005300012746 |t BK |y 0 | ||
| 901 | |a BIBL3-1999-2 | ||
| 909 | |a Σ |b 063962 | ||
| 922 | |a 3ΕΛΗ |b 199901 |c ΚΠΣ |d GLORY | ||